UM Logo

College Activities Among Freshmen Students/ (Record no. 14829)

MARC details
000 -LEADER
fixed length control field 00650nam a22001697a 4500
008 - FIXED-LENGTH DATA ELEMENTS--GENERAL INFORMATION
fixed length control field 200109b ||||| |||| 00| 0 eng d
082 ## - DEWEY DECIMAL CLASSIFICATION NUMBER
Edition number 2019
Classification number UT 1399
Item number P19
100 ## - MAIN ENTRY--PERSONAL NAME
Personal name Panerio, John Carlo
9 (RLIN) 41165
245 ## - TITLE STATEMENT
Title College Activities Among Freshmen Students/
Statement of responsibility, etc. John Carlo B. Panerio, Riena Elaine B. Diel and Jessie F. Suario
260 ## - PUBLICATION, DISTRIBUTION, ETC. (IMPRINT)
Place of publication, distribution, etc. Digos City
Name of publisher, distributor, etc. UMDC
Date of publication, distribution, etc. December 2019
300 ## - PHYSICAL DESCRIPTION
Extent 72 pages
Dimensions 30cm
650 ## - SUBJECT ADDED ENTRY--TOPICAL TERM
Topical term or geographic name as entry element Technical Teachers Education
Form subdivision Food Service Management
General subdivision Undergraduate Thesis
9 (RLIN) 41166
700 ## - ADDED ENTRY--PERSONAL NAME
Personal name Panerio, John Carlo B.
9 (RLIN) 41167
700 ## - ADDED ENTRY--PERSONAL NAME
Personal name Diel, Riena Elaine B.
9 (RLIN) 41168
700 ## - ADDED ENTRY--PERSONAL NAME
Personal name Suario, Jessie F.
9 (RLIN) 41169
942 ## - ADDED ENTRY ELEMENTS (KOHA)
Source of classification or shelving scheme Dewey Decimal Classification
Koha item type Undergraduate Thesis
Holdings
Withdrawn status Lost status Source of classification or shelving scheme Damaged status Not for loan Collection code Home library Current library Date acquired Total Checkouts Full call number Barcode Date last seen Price effective from Koha item type
    Dewey Decimal Classification     Undergraduate Theses UM Digos College - LIC UM Digos College - LIC 01/06/2020   UT 1399 P19 2019 UT 1399 01/09/2020 01/09/2020 Undergraduate Thesis